One, Two, Buckle My Shoe : (Record no. 14032)
[ view plain ]
| 000 -LEADER | |
|---|---|
| fixed length control field | 01588cam a22003733a 4500 |
| 001 - CONTROL NUMBER | |
| control field | 13470287 |
| 005 - DATE AND TIME OF LATEST TRANSACTION | |
| control field | 20070509154144.0 |
| 008 - FIXED-LENGTH DATA ELEMENTS--GENERAL INFORMATION | |
| fixed length control field | 010507t20001984nyu 000 1 eng d |
| 010 ## - LIBRARY OF CONGRESS CONTROL NUMBER | |
| LC control number | 2004563734 |
| 020 ## - INTERNATIONAL STANDARD BOOK NUMBER | |
| International Standard Book Number | 9780425105702 |
| 035 ## - SYSTEM CONTROL NUMBER | |
| System control number | (OCoLC)ocm46889242 |
| 040 ## - CATALOGING SOURCE | |
| Original cataloging agency | WRR |
| Transcribing agency | WRR |
| Modifying agency | OCLCQ |
| -- | DLC |
| 042 ## - AUTHENTICATION CODE | |
| Authentication code | lccopycat |
| 050 00 - LIBRARY OF CONGRESS CALL NUMBER | |
| Classification number | CPB Box no. 2108 vol. 7 |
| 082 ## - DEWEY DECIMAL CLASSIFICATION NUMBER | |
| Edition number | 22 |
| Classification number | 823.912 |
| Item number | CHR |
| 100 1# - MAIN ENTRY--PERSONAL NAME | |
| Personal name | Christie, Agatha, |
| Dates associated with a name | 1890-1976. |
| 9 (RLIN) | 14429 |
| 240 10 - UNIFORM TITLE | |
| Uniform title | <a href="Patriotic murders">Patriotic murders</a> |
| 245 10 - TITLE STATEMENT | |
| Title | One, Two, Buckle My Shoe : |
| Remainder of title | a Hercule Poirot novel / |
| Statement of responsibility, etc | Agatha Christie. |
| 246 3# - VARYING FORM OF TITLE | |
| Title proper/short title | 1, 2, buckle my shoe |
| 250 ## - EDITION STATEMENT | |
| Edition statement | Berkley ed. |
| 260 ## - PUBLICATION, DISTRIBUTION, ETC. (IMPRINT) | |
| Place of publication, distribution, etc | New York : |
| Name of publisher, distributor, etc | Berkley Books, |
| Date of publication, distribution, etc | [2000], c1984. |
| 300 ## - PHYSICAL DESCRIPTION | |
| Extent | 246 p. ; |
| Dimensions | 18 cm. |
| 490 0# - Series Statement | |
| Series statement | A Hercule Poirot novel |
| -- | 14436 |
| 500 ## - GENERAL NOTE | |
| General note | "Also published as The patriotic murders and An overdose of death " |
| 650 #0 - SUBJECT ADDED ENTRY--TOPICAL TERM | |
| Topical term or geographic name as entry element | Poirot, Hercule (Fictitious character) |
| Form subdivision | Fiction. |
| 9 (RLIN) | 14430 |
| 650 #0 - SUBJECT ADDED ENTRY--TOPICAL TERM | |
| Topical term or geographic name as entry element | Detective and mystery stories, English |
| 9 (RLIN) | 14434 |
| 655 ## - INDEX TERM--GENRE/FORM | |
| Form subdivision | |
| -- | 14435 |
| 710 2# - ADDED ENTRY--CORPORATE NAME | |
| Corporate name or jurisdiction name as entry element | Copyright Paperback Collection (Library of Congress) |
| Institution to which field applies | DLC |
| 9 (RLIN) | 14432 |
| 856 42 - ELECTRONIC LOCATION AND ACCESS | |
| Materials specified | Contributor biographical information |
| Uniform Resource Identifier | <a href="http://www.loc.gov/catdir/enhancements/fy0717/2004563734-b.html">http://www.loc.gov/catdir/enhancements/fy0717/2004563734-b.html</a> |
| 856 42 - ELECTRONIC LOCATION AND ACCESS | |
| Materials specified | Publisher description |
| Uniform Resource Identifier | <a href="http://www.loc.gov/catdir/enhancements/fy0717/2004563734-d.html">http://www.loc.gov/catdir/enhancements/fy0717/2004563734-d.html</a> |
| 942 ## - ADDED ENTRY ELEMENTS (KOHA) | |
| Source of classification or shelving scheme | Dewey Decimal Classification |
| Item type | Book - Borrowing |
| Withdrawn status | Item status | Source of classification or shelving scheme | Damaged status | Not for loan | Vendor | Home library | Current library | Shelving location | Date acquired | Source of acquisition | Cost, normal purchase price | Serial Enumeration / chronology | Total Checkouts | Total Renewals | Full call number | Barcode | Date last seen | Date last borrowed | Koha item type |
|---|---|---|---|---|---|---|---|---|---|---|---|---|---|---|---|---|---|---|---|
| Dewey Decimal Classification | Baccah | Central Library | Central Library | Second Floor | 31/05/2010 | 90.00 | 10270 | 8 | 13 | 823.912 CHR | 000020935 | 29/11/2025 | 23/11/2025 | Book - Borrowing |